Cities that End in H by Clue - Statistics

General Stats
  • This quiz has been taken 2,888 times
  • The average score is 12 of 20
Answer Stats
Clue City % Correct
Capital of the Scottish Enlightenment Edinburgh
94%
Most populous city in the Arabian Peninsula Riyadh
88%
Formerly known as Saigon Ho Chi Minh
85%
The G in GMT Greenwich
81%
Biggest city in New Zealand's South Island Christchurch
78%
English city that was founded by the Romans as "Aquae Sulis" Bath
76%
Formerly known as Krong Chaktomuk Serimongkul in Khmer Phnom Penh
76%
Moroccan city where one could find the "Jemaa el-Fnaa" market square Marrakesh
73%
Where Palestinian terrorists captured nine Israeli athletes during the 1972 Summer Olympics Munich
71%
It forms a metroplex with Dallas Fort Worth
70%
Capital of North Carolina Raleigh
67%
Saudi city where the future-tallest building in the world is to be built Jeddah
65%
Last port of call for the Mayflower on its voyage to America Plymouth
60%
Most isolated major city in the world Perth
46%
Located on the Allegheny, Monongahela and Ohio Rivers Pittsburgh
45%
De-facto capital of Palestine Ramallah
43%
South African city also known as Nelson Mandela Bay Port Elizabeth
34%
Three-letter second most populous city of Kyrgyzstan Osh
25%
Third most populous city in the United Arab Emirates - located north of Dubai Sharjah
25%
Indian city that serves as the capital of the two states of Punjab and Haryana Chandigarh
13%
No matching quizzes found
Score Distribution
Percent of People with Each Score
Percentile by Number Answered
Your Score History
You have not taken this quiz